| 000 | 01053 a2200217 4500 | ||
|---|---|---|---|
| 003 | Nust | ||
| 005 | 20170207154159.0 | ||
| 010 | _a 77016193 | ||
| 020 | _a0470993359 (Halsted Press) | ||
| 040 | _cNust | ||
| 082 | 0 | 0 | _a530 |
| 100 | 1 | _aElwell, Dennis. | |
| 245 | 1 | 0 |
_aPhysics for engineers and scientists / _cD. Elwell, A. J. Pointon. |
| 250 | _a2d ed. | ||
| 260 |
_aChichester, Eng. : _bE. Horwood ; _aNew York : _bDistributor, North and South America, Halsted Press, _c1978. |
||
| 300 |
_axi, 356 p. : _bill. ; _c24 cm. |
||
| 500 | _aEdition of 1970 by A. J. Pointon and D. Elwell published under title: Physics for electrical engineers. | ||
| 505 | _aPrinciples of Thermodynamics (Page-3) Kinetic Theory of Matter (Page-30) Applications of Thermodynamics (Page-51) Wave Theory (Page-67) The Electron (Page-113) The Atom (Page-145) Ions (Page-166) The Nucleus (Page-188) X-Rays and Crystal Structure (Page-231) Solid State Electronics (Page-247) Magnetism (Page-302) Dielectrics (Page-325) | ||
| 650 | 0 | _aPhysics. | |
| 700 | 1 | _aPointon, Anthony John, | |
| 942 |
_2ddc _cBK |
||
| 999 |
_c194644 _d194644 |
||